| 000 | 02461cam a2200529 a 4500 | ||
|---|---|---|---|
| 001 | 42447 | ||
| 005 | 20230410130545.0 | ||
| 008 | 061020s2006 enka b 001 0 eng c | ||
| 035 | _a(OCoLC)ocm62226010 | ||
| 040 |
_aUBY _cUBY _dUKM _dBAKER _dBWKUK _dNLGGC _dVP@ _dYDXCP _dVRC _dBTCTA _dMUQ |
||
| 015 |
_aGBA593162 _2bnb |
||
| 016 | 7 |
_a013326922 _2Uk |
|
| 020 | _a1844570851 (hbk.) | ||
| 020 | _a9781844570850 (hbk.) | ||
| 020 | _a184457086X (pbk.) | ||
| 020 | _a9781844570867 (pbk.) | ||
| 029 | 1 |
_aNLGGC _b291106129 |
|
| 029 | 1 |
_aYDXCP _b100411504 |
|
| 029 | 1 |
_aYDXCP _b100411506 |
|
| 029 | 1 |
_aNZ1 _b10546114 |
|
| 035 | _a(OCoLC)62226010 | ||
| 042 | _apcc | ||
| 050 | 1 | 4 |
_aPN 1992.45 _bT269 2006 |
| 082 | 0 | 0 |
_a302.2345 _222 |
| 049 | _aGRAL | ||
| 245 | 0 | 0 |
_aTele-visions : _ban introduction to studying television / _cedited by Glen Creeber. |
| 246 | 3 | 0 | _aIntroduction to studying television |
| 260 |
_aLondon : _bBFI, _c2006. |
||
| 300 |
_avii, 192 p. : _bill. ; _c25 cm. |
||
| 504 | _aIncludes bibliographical references (p. [169]-184) and index. | ||
| 505 | 2 | _aDefining the medium: TV form and aesthetics / John Ellis -- Analysing television: issues and methods in textual analysis / Glen Creeber -- Decoding television: issues of ideology and discourse / Glen Creeber -- Analysing factual TV: how to study television documentary / John Corner -- Analysing TV fiction: how to study television drama / Robin Nelson -- Television and its audience: issues of consumption and reception / Matt Hills -- Television and history: investigating the past / Jason Jacobs -- Television and regulation: examining institutional structures / Elan Closs Stephens -- Television and globalisation: national and international concerns / John Hartley -- Post TV?: the future of television / Kyle Nicholas. | |
| 650 | 0 | _aTelevision. | |
| 650 | 0 | _aTelevision broadcasting. | |
| 650 | 1 | 7 |
_aTelevisie. _2gtt |
| 650 | 1 | 7 |
_aOnderzoeksmethoden. _2gtt |
| 650 | 6 | _aTelevision. | |
| 650 | 6 |
_aTelevision _xEtude et enseignement. |
|
| 650 | 6 |
_aTelevision _vCas, Etudes de. |
|
| 700 | 1 |
_aCreeber, Glen, _d1962- |
|
| 710 | 2 | _aBritish Film Institute. | |
| 938 |
_aBaker & Taylor _bBKTY _c95.00 _d95.00 _i1844570851 _n0006631945 _sactive |
||
| 938 |
_aBaker & Taylor _bBKTY _c27.95 _d27.95 _i184457086X _n0006631946 _sactive |
||
| 938 |
_aYBP Library Services _bYANK _n100411506 |
||
| 938 |
_aBaker and Taylor _bBTCP _nBK0006631946 |
||
| 942 |
_2lcc _cbk |
||
| 994 |
_aC0 _bDRFGD |
||
| 999 |
_c76073 _d76073 |
||